000 01421cam0 2200349 ib4500
001 BY-MI0013-br4501978
005 20250814161627.0
010 ^a978-5-9951-5092-3
100 ^a20250814d2023 cd y0rusy50 ca
101 0 ^arus
102 ^aRU
105 ^aa z 000zy
109 ^ama
200 1 ^aБасни
^e[для младшего и среднего школьного возраста]
^fИ. А. Крылов
^g[составитель Е. Позина
^gхудожник С. Бордюг]
210 ^aМосква
^cСтрекоза
^d2023
215 ^a60, [4] с.
^cил.
^d21 см
225 1 ^aСерия "Внеклассное чтение"
333 ^a6+
345 ^93 000 экз.
608 ^aДЕТСКАЯ И ЮНОШЕСКАЯ ЛИТЕРАТУРА (художеств. произведение)
^3BY-NLB-ar9019
^2BYGNR
608 ^aБАСНЯ
^3BY-NLB-ar2157876
^2BYGNR
686 ^a84(2=411.2)5
^2rubbk
690 ^a1
^2Base
^9BY-MI0013
^xRSEK
700 1 ^aКрылов
^bИ. А.
^gИван Андреевич
^cписатель
^f1769—1844
^3BY-NLB-ar95768
702 1 ^aПозина
^bЕ.
^4220
702 1 ^aБордюг
^bС. И.
^gСергей Иванович
^3BY-SEK-ar1677495
^4040
801 0 ^aBY
^bBY-MI0013
^c20250814
^gRCR
035 ^a(BY-MI0013)BY-MI0013-br4501978
899 0 ^aBY-MI0013
^iК85
^h84(2=411.2)5